Ville les plus peuplées des Hautes-Alpes 05 - Statistiques

Statistiques générales
  • Ce quiz a été pris 39 fois
  • Le résultat moyen est 8 sur 15
Statistiques - réponses
Population Ville % Correct
40 111 Gap
100%
10 780 Briançon
97%
6 435 Embrun
94%
3 077 Chorges
81%
3 231 Veynes
72%
2 295 Tallard
64%
2 291 Guillestre
56%
2 078 Saint-Bonnet-en-Champsaur
47%
2 579 La Bâtie-Neuve
44%
3 579 Laragne-Montéglin
44%
2 238 L'Argentière-la-Bessée
33%
1 397 La Saulce
19%
1 523 Saint-Chaffrey
19%
1 466 Villar-Saint-Pancrace
19%
1 578 La Roche-des-Arnauds
17%
Aucun quiz correspondant
Distribution des résultats
% des personnes avec chaque résultat
Percentile par nombre de réponses
Votre historique - résultats
Vous n’avez pas pris ce quiz